书目信息 |
| 题名: |
化学反应工程学基础
|
|
| 作者: | 李启兴 编 | |
| 分册: | 数学模拟法 | |
| 出版信息: | 北京 人民教育出版社 1981.11 |
|
| 页数: | 213页 | |
| 开本: | 26cm | |
| 丛书名: | ||
| 单 册: | ||
| 中图分类: | TQ018 | |
| 科图分类: | ||
| 主题词: | 化学工业--基础理论 | |
| 电子资源: | ||
| ISBN: | ||
| 000 | 00666nam0 2200217 45 | |
| 001 | 0181011246 | |
| 005 | 20060815170618.96 | |
| 010 | @dCNY1.25 | |
| 091 | @a13012.0694 | |
| 100 | @a20810111d km y0chiy0120 ea | |
| 101 | 0 | @achi |
| 200 | 1 | @a化学反应工程学基础@Ahua xue fan ying gong cheng xue ji chu@i数学模拟法@f李启兴等编@Fli qi xing deng bian |
| 210 | @a北京@c人民教育出版社@d1981.11 | |
| 215 | @a213页@d26cm | |
| 300 | @a高等学校教学参考书 | |
| 517 | 1 | @a数学模拟法@Ashu xue mo ni fa |
| 606 | 0 | @a化学工业@x基础理论 |
| 690 | @aTQ018 | |
| 701 | 0 | @a李启兴@Ali qi xing@4编 |
| 801 | @aCN@bTSTC@c20060815 | |
| 905 | @dTQ018@e10@f1@b99669@b95417@f1@b158139@f1 | |
| 化学反应工程学基础.数学模拟法/李启兴等编.-北京:人民教育出版社,1981.11 |
| 213页;26cm |
| 高等学校教学参考书 |
| ISBN :CNY1.25 |
| ● |
| 相关链接 |
|
|
|
|
正题名:化学反应工程学基础
索取号:TQ018/10
 
预约/预借
| 序号 | 登录号 | 条形码 | 馆藏地/架位号 | 状态 | 备注 |
| 1 | 0095417 | 001645848 | 密集书库/ [索取号:TQ018/10] | 在馆 | |
| 2 | 0095418 | 001645839 | 第二样本阅览室/ [索取号:TQ018/10] | 在馆 | |
| 3 | 0099669 | 001645483 | 密集书库/ [索取号:TQ018/10] | 在馆 | |
| 4 | 0099670 | 001645820 | 密集书库/ [索取号:TQ018/10] | 在馆 | |
| 5 | 0158139 | 001645660 | 第三借阅区/ [索取号:TQ018/10] | 在馆 | |
| 6 | 0158140 | 202185517 | 密集书库/ [索取号:TQ018/10] | 在馆 | |
| 7 | 0458618 | 204586180 | 密集书库/ [索取号:TQ018/10] | 在馆 |